Carregant...

Ramdarash Mishra : vyakti aur abhivyakti/

Dades bibliogràfiques
Altres autors: Jagan Singha (ed.), Smita Misra (ed.)
Format: Printed Book
Publicat: New Delhi: Vani, 1999.
Matèries:
LEADER 00876nam a22002051a 4500
020 |a 9788170556893 
082 |a H 891.430 92  |b JAG/R 
245 |a Ramdarash Mishra :   |b vyakti aur abhivyakti/  |c edited by Jagan Singha and Smita Mishra. 
260 |a New Delhi:  |b Vani,  |c 1999. 
300 |a 383p. 
650 |a Biography Ramdarash Mishra   |9 119572 
650 |a Literature Hindi  |9 119573 
650 |a Literature  |9 119574 
650 |a Biography  |9 119575 
700 |a  Jagan Singha (ed.)  |9 119576 
700 |a Smita Misra (ed.)  |9 119577 
942 |c BK 
999 |c 37307  |d 37307 
952 |0 0  |1 0  |4 0  |6 H_891_430000000000000_92_JAG_R  |7 0  |9 53998  |a SSUS  |b SSUS  |d 2015-01-08  |g 375.00  |o H 891.430 92 JAG/R  |p 018786  |r 2015-01-08  |v 0.00  |w 2015-01-08  |y BK 
952 |0 0  |1 0  |4 0  |6 H_891_430000000000000_92_JAG_R  |7 0  |9 53999  |a SSUS  |b SSUS  |c STACKS  |d 2016-08-19  |g 375.00  |o H 891.430 92 JAG/R  |p 021260  |r 2016-08-19  |w 2016-08-19  |y BK